Well-Known Movie by Tough Image VIII Quiz Stats

 Plays Quiz Updated Jul 26, 2016

Score 0/24 Timer 08:00
1 Play Today
% Correct
Mean Girls
63.5%
Saw
59.3%
Apollo 13
56.6%
Toy Story 3
56%
12 Years a Slave
55.2%
Ace Ventura: Pet Detective
55.2%
The Breakfast Club
45.9%
Indiana Jones and the Last Crusade
45.5%
Casablanca
44%
The Little Mermaid
42.4%
Guardians of the Galaxy
41.2%
Elf
39.6%
% Correct
Black Hawk Down
35.6%
Forgetting Sarah Marshall
34.7%
(500) Days of Summer
31.7%
Children of Men
28.5%
North by Northwest
27.2%
The Fugitive
27.2%
Minority Report
26.4%
Life of Brian
24.9%
2001: A Space Odyssey
21.6%
Speed
21.3%
Hot Fuzz
20.7%
Star Trek Into Darkness
19.3%

You're not logged in!

Compare scores with friends on all Sporcle quizzes.
Join for Free
OR
Log In

You Might Also Like...

Show Comments

Extras

Top Quizzes Today


Score Distribution

Your Account Isn't Verified!

In order to create a playlist on Sporcle, you need to verify the email address you used during registration. Go to your Sporcle Settings to finish the process.

Report this User

Report this user for behavior that violates our Community Guidelines.

Details: